| 000 | 02220cam a22005174i 4500 | ||
|---|---|---|---|
| 003 | PE-LiUPU | ||
| 005 | 20250731173546.0 | ||
| 008 | 150616s1990 idu rb 000 0 eng d | ||
| 020 | _a0931464587 | ||
| 035 | _a(Sirsi) i9780931464584 | ||
| 040 |
_aPE-LiUPU _bspa _cPE-LiUPU _erda |
||
| 049 | _aPRUA | ||
| 082 | 0 | 4 |
_a226.638 _bH38 _221 |
| 100 | 1 |
_aHemer, Colin J., _eautor. |
|
| 245 | 1 | 4 |
_aThe Book of Acts in the Setting of Hellenistic History / _cColin J. Hemer, editor H. Gempf r Conrad. |
| 264 | 1 |
_aWinona Lake, Indiana : _bEisenbrauns, _c1990. |
|
| 300 |
_a482 páginas ; _c24 centímetros |
||
| 336 |
_atext _2rdacontent |
||
| 337 |
_aunmediated _2rdamedia |
||
| 338 |
_avolume _2rdacarrier |
||
| 504 | _aIncluye bibliografía. | ||
| 505 | 0 | _aActs and historicity -- Preliminary questions -- Ancient historiography -- Types of knowledge displayed in acts -- Evidence from historical details in acts -- Names and titles in acts -- Acts and epistles -- Galatia and the galatians -- The authorship and sources of acts -- The date of acts -- Concunclusion. | |
| 526 | _aSEG42 | ||
| 526 | _aSEG41 | ||
| 526 | _aSEG40 | ||
| 526 | _aSEG39 | ||
| 526 | _aP94 | ||
| 526 | _aP87 | ||
| 526 | _aP86 | ||
| 526 | _aP85 | ||
| 526 | _aP77 | ||
| 526 | _aP76 | ||
| 526 | _aP35 | ||
| 630 |
_aBiblia. _pN.T. _pHechos _xComentarios. |
||
| 700 | 1 |
_aConrad H. Gempf, _eeditor. |
|
| 910 |
_ajck _bjvq _cjck |
||
| 942 |
_2ddc _cBOOK |
||
| 949 |
_a226.638 H38 _wDEWEY _c1 _i37967 _lCCODEBUL1 _mBUL _r0 _sY _tBOOK _u2015-4-23 _xTEOLOGIA _zUNKNOWN _0COMPRA _o.STAFF. Colección General |
||
| 949 |
_a226.638 H38 _wDEWEY _c2 _i42780 _lCCODEBUL1 _mBUL _r0 _sY _tBOOK _u2015-6-16 _xTEOLOGIA _zUNKNOWN _0COMPRA _o.STAFF. Colección General |
||
| 994 |
_aC0 _bPEPRU |
||
| 596 | _a1 | ||
| 999 |
_a226.638 H38 _wDEWEY _c60744 _i37967 _f2021-11-9 _g5 _lCCODEBUL1 _mBUL _p55.00 _r0 _sY _tBOOK _u2015-4-23 _xTEOLOGIA _PP35 _0COMPRA _o.STAFF. Colección Teología _d60744 |
||
| 999 |
_a226.638 H38 _wDEWEY _c2 _i42780 _f2021-11-9 _g5 _lCCODEBUL1 _mBUL _p55.00 _r0 _sY _tBOOK _u2015-6-16 _xTEOLOGIA _PP35 _0COMPRA _o.STAFF. Colección Teología |
||
| 980 |
_81 _gALBERTO SANCHEZ Responsable de Automatización |
||